El infierno abierto, para que meditando el pecador sus penas mientras vive, le halle cerrado en la hora de la muerte. Consideraciones distribuidas para los siete días de la semana / escrita en idioma italiano por el Padre Juan Pinamonti de la compañía de Jesús. Y traducidas al español por un deseoso de la salvación de las almas

Detalles Bibliográficos
Autor principal: Pinamonti, Juan
Formato: Libro
Lenguaje:Spanish
Publicado: México : Tip. de M. Murguía, portal del Águila de Oro, 1862.
Materias:
Colección:Banco de datos
Acervo:Universidad Autónoma Benito Juárez de Oaxaca. Biblioteca Francisco de Burgoa. Colección histórica
Descripción Física:154 p., [3] h. ; 12 cm.
Tema general:Ascética
Notas:Portada tipográfica con viñeta. Texto a renglón seguido con paginación en números arábigos y notas a pie de página. Encuadernación en cartón con lomo en keratol
LEADER 01151nam a22001810004500
035 |a 3494 
041 0 |a spa 
100 1 |a Pinamonti, Juan 
245 1 0 |a El infierno abierto, para que meditando el pecador sus penas mientras vive, le halle cerrado en la hora de la muerte. Consideraciones distribuidas para los siete días de la semana / escrita en idioma italiano por el Padre Juan Pinamonti de la compañía de Jesús. Y traducidas al español por un deseoso de la salvación de las almas  
260 |a México : Tip. de M. Murguía, portal del Águila de Oro, 1862. 
300 |a 154 p., [3] h. ; 12 cm. 
500 |a Portada tipográfica con viñeta. Texto a renglón seguido con paginación en números arábigos y notas a pie de página. Encuadernación en cartón con lomo en keratol  
504 |a Al final de la obra está el índice de contenido 
650 1 0 |a Ascética 
852 |a Universidad Autónoma "Benito Juárez" de Oaxaca, Biblioteca Francisco de Burgoa, Colección histórica 19686 
942 |c BURHIS 
943 |g Universidad Autónoma Benito Juárez de Oaxaca. Biblioteca Francisco de Burgoa. Colección histórica 
999 |c 1122337  |d 1122337